00758nam a2200193 a 4500008004100000020001800041050002100059100002200080245007500102260002300177300003400200350001000234650001900244650002100263650001900284995010400303999001700407952014000424200123s2017 ||||||||||||||||| || u a9781473989337 aHV 40. 8. G7 Sco aScourfield, Peter10aGetting ready for direct practice in social workcBy Peter Scourfield  aLondonbSAGEc2017 aix, 210 pages : illustrations a19.40 0aSOCIAL SERVICE aSOCIAL CASE WORK aSOCIAL WORKERS FCBU-MAIN LIBRARY (Kitwe)I19.40M1UAVAILABLEWJan 28, 2020ZMedical Library Open Access Collection c44554d44554 00102lcc4070a001b001cMedical Library Open Access Collectiond2022-11-30l0oHV 40. 8. G7 Scop750145r2022-11-30w2022-11-30y002